Переходные процессы в линейных системах с сосредоточенными постоянными: пер. с англ.

מידע ביבליוגרפי
מחבר ראשי: Гарднер М. Ф.
מחברים אחרים: Бэрнс Дж. Л.
שפה:רוסית
יצא לאור: Москва, Физматгиз, 1961
מהדורה:3-е изд., испр.
נושאים:
פורמט: MixedMaterials ספר
KOHA link:https://koha.lib.tpu.ru/cgi-bin/koha/opac-detail.pl?biblionumber=241414

MARC

LEADER 00000nam0a2200000 4500
001 241414
005 20231101231818.0
035 |a (RuTPU)RU\TPU\book\262686 
090 |a 241414 
100 |a 20130716d1961 k y0rusy50 ca 
101 1 |a rus  |c eng 
102 |a RU 
105 |a a z 001zy 
200 1 |a Переходные процессы в линейных системах с сосредоточенными постоянными  |e пер. с англ.  |f М. Ф. Гарднер, Дж. Л. Бэрнс 
205 |a 3-е изд., испр. 
210 |a Москва  |c Физматгиз  |d 1961 
215 |a 551 с.  |c черт. 
320 |a Библиогр.: с. 530-546. 
606 1 |a Операционное исчисление  |2 stltpush  |3 (RuTPU)RU\TPU\subj\47057  |9 66124 
606 1 |a Физика  |2 stltpush  |3 (RuTPU)RU\TPU\subj\63709  |9 80688 
610 1 |a линейные системы 
610 1 |a переходные процессы 
610 1 |a преобразования Лапласа 
610 1 |a уравнения 
610 1 |a электрические системы 
610 1 |a применение 
610 1 |a дроби 
610 1 |a электрические системы 
610 1 |a функции 
610 1 |a математическая теория 
610 1 |a история 
675 |a 517.445  |v 3 
675 |a 53  |v 3 
700 1 |a Гарднер  |b М. Ф. 
701 1 |a Бэрнс  |b Дж. Л. 
801 1 |a RU  |b 63413507  |c 20130716 
801 2 |a RU  |b 63413507  |c 20210518  |g RCR 
942 |c BK